جريمة القرصنة البحرية : (رقم التسجيلة. 60301)

تفاصيل مارك
000 -LEADER
fixed length control field 02126cam a2200313 a 4500
003 - CONTROL NUMBER IDENTIFIER
control field EG-GiCUC
005 - DATE AND TIME OF LATEST TRANSACTION
control field 20250223031704.0
008 - FIXED-LENGTH DATA ELEMENTS--GENERAL INFORMATION
fixed length control field 170318s2016 ua f m 000 0 ara d
040 ## - CATALOGING SOURCE
Original cataloging agency EG-GiCUC
Language of cataloging ara
Transcribing agency EG-GiCUC
041 0# - LANGUAGE CODE
Language code of text/sound track or separate title ara
049 ## - LOCAL HOLDINGS (OCLC)
Holding library ايداع
097 ## - Thesis Degree
Thesis Level دكتوراه
099 ## - LOCAL FREE-TEXT CALL NUMBER (OCLC)
Classification number Cai01.04.04.Ph.D.2016.نش.ج
100 0# - MAIN ENTRY--PERSONAL NAME
Personal name نشوان عبد العزيز البغدادي
245 10 - TITLE STATEMENT
Title جريمة القرصنة البحرية :
Remainder of title دراسة قانونية /
Statement of responsibility, etc. نشوان عبد العزيز البغدادي ؛ اشراف أحمد أبوالوفا محمد
260 ## - PUBLICATION, DISTRIBUTION, ETC.
Place of publication, distribution, etc. القاهرة :
Name of publisher, distributor, etc. نشوان عبد العزيز البغدادي :
Date of publication, distribution, etc. 2016
300 ## - PHYSICAL DESCRIPTION
Extent 336ص ؛
Dimensions 25سم
502 ## - DISSERTATION NOTE
Dissertation note اطروحة (دكتوراه) - جامعة القاهرة - كلية الحقوق - قسم القانون الدولي العام
520 ## - SUMMARY, ETC.
Summary, etc. لما كانت جريمة القرصنة البحرية من أخطر الجرائم التي تهدد أمن وسلامة الملاحة البحرية: لذلك كان لابد من دراسة هذه الجريمة وتناولها كبحث مستقل ومتكامل: لإيضاح مفهوم القرصنة البحرية في القانون الدولي: وكذلك توضيح أركان جريمة القرصنة: وبيان أحكامها والفرق بينها وبين غيرها من النظم المشابهة لها: وبيان الجهود الدولية لمكافحة هذه الجريمة والمعوقات التي تعيق هذه الجهود: وكذلك بيان مفهوم وأحكام جريمة القرصنة البحرية في الشريعة الإسلامية: مستعيناً بالمنهج الوصفي التحليلي الاستقرائي في البحث
530 ## - ADDITIONAL PHYSICAL FORM AVAILABLE NOTE
Additional physical form available note صدر ايضا كقرص مدمج
653 #4 - INDEX TERM--UNCONTROLLED
Uncontrolled term الجريمة
653 #4 - INDEX TERM--UNCONTROLLED
Uncontrolled term القرصنة البحرية
653 #4 - INDEX TERM--UNCONTROLLED
Uncontrolled term الملاحة البحرية
700 0# - ADDED ENTRY--PERSONAL NAME
Personal name أحمد أبوالوفا محمد :
Relator term
856 ## - ELECTRONIC LOCATION AND ACCESS
Uniform Resource Identifier <a href="http://172.23.153.220/th.pdf">http://172.23.153.220/th.pdf</a>
905 ## - LOCAL DATA ELEMENT E, LDE (RLIN)
Cataloger Nazla
Reviser Revisor
905 ## - LOCAL DATA ELEMENT E, LDE (RLIN)
Cataloger Soheir
Reviser Cataloger
942 ## - ADDED ENTRY ELEMENTS (KOHA)
Source of classification or shelving scheme Dewey Decimal Classification
Koha item type Thesis
المقتنيات
Source of classification or shelving scheme Not for loan Home library Current library Date acquired Full call number Barcode Date last seen Koha item type Copy number
Dewey Decimal Classification   المكتبة المركزبة الجديدة - جامعة القاهرة قاعة الرسائل الجامعية - الدور الاول 11.02.2024 Cai01.04.04.Ph.D.2016.نش.ج 01010100023080000 22.09.2023 Thesis  
Dewey Decimal Classification   المكتبة المركزبة الجديدة - جامعة القاهرة مخـــزن الرســائل الجـــامعية - البدروم 11.02.2024 Cai01.04.04.Ph.D.2016.نش.ج 01020100023080000 22.09.2023 CD - Rom 23080.CD
Cairo University Libraries Portal Implemented & Customized by: Eng. M. Mohamady Contacts: new-lib@cl.cu.edu.eg | cnul@cl.cu.edu.eg
CUCL logo CNUL logo
© All rights reserved — Cairo University Libraries
CUCL logo
Implemented & Customized by: Eng. M. Mohamady Contact: new-lib@cl.cu.edu.eg © All rights reserved — New Central Library
CNUL logo
Implemented & Customized by: Eng. M. Mohamady Contact: cnul@cl.cu.edu.eg © All rights reserved — Cairo National University Library